000 00316nam a22001337a 4500
008 170923b xxu||||| |||| 00| 0 eng d
020 _a9781859843208
041 _aeng
080 _a37
100 _a46
101 _aEDU
245 _aLEGALIZE THIS! THE CASE FOR DECRIMINALIZING DRUGS
_cHUSAK, D
942 _2udc
_cBK
999 _c29399
_d29399